[Event "AUTO-OPEN-2612"]
[Site "http://www.queenalice.com/game.php?id=1030320"]
[Date "2012.2.17"]
[Round "1"]
[White "worlddomination"]
[Black "vizelinha"]
[Result "1-0"]
[WhiteElo "1894"]
[BlackElo "1960"]

1. e4 e5 2. Nf3 Nc6 3. Bb5 d6 4. d4 Nf6 5. Nc3 Bd7 6. O-O a6 7. Bxc6 Bxc6 8.
dxe5 dxe5 9. Nxe5 Bd6 10. Nxc6 bxc6 11. e5 Bxe5 12. Qe2 Qd6 13. Re1 Nd7 14. f4
f6 15. fxe5 fxe5 16. Be3 c5 17. Rad1 Qe7 18. Nd5 Qd6 19. Bg5 c6 20. Nf6+ Qxf6
21. Bxf6 gxf6 22. Qh5+ Ke7 23. Rxd7+ Kxd7 24. Qf7+ Kc8 25. Qxf6 Kb7 26. Rxe5
Rhf8 27. Qd6 Rad8 28. Qe7+ Kb6 29. Qxc5+ Kc7 30. Re7+ Kb8 31. Qa7+ 1-0

[Event "AUTO-OPEN-2613"]
[Site "http://www.queenalice.com/game.php?id=1030680"]
[Date "2012.2.17"]
[Round "1"]
[White "Koukin"]
[Black "worlddomination"]
[Result "0-1"]
[WhiteElo "1570"]
[BlackElo "1882"]

1. e4 c5 2. Bc4 e6 3. Nc3 a6 4. d4 cxd4 5. Qxd4 Nc6 6. Qd3 Nf6 7. h3 Be7 8. Nf3
Qc7 9. Be3 b5 10. Bb3 O-O 11. a3 Bb7 12. e5 Nxe5 13. Nxe5 Qxe5 14. O-O-O d5 15.
Bd4 Qc7 16. f3 e5 17. Be3 d4 18. Bg5 dxc3 19. Rhe1 cxb2+ 20. Kxb2 Rac8 21. Re3
Rfd8 22. Qe2 Rxd1 23. Qxd1 Nd5 24. Bxd5 Bxg5 25. Bxb7 Qxb7 26. Rxe5 Bf6 27. f4
b4 28. Qd2 bxa3+ 29. Kxa3 Bxe5 30. fxe5 Rb8 31. h4 Qb2+ 32. Ka4 Qa2# 0-1

[Event "AUTO-OPEN-2613"]
[Site "http://www.queenalice.com/game.php?id=1030681"]
[Date "2012.2.17"]
[Round "1"]
[White "worlddomination"]
[Black "Koukin"]
[Result "1-0"]
[WhiteElo "1857"]
[BlackElo "1575"]

1. e4 e5 2. Nf3 d6 3. d4 Nd7 4. Bc4 h6 5. O-O c6 6. dxe5 dxe5 7. Bxf7+ Kxf7 8.
Nxe5+ Nxe5 9. Qxd8 Ne7 10. Nc3 a6 11. Bf4 N5g6 12. Bg3 Kg8 13. Rad1 Kh7 14. Kh1
c5 15. f4 Nc6 16. Qc7 Be7 17. f5 Nf8 18. Nd5 Bd8 19. Qf4 Nd4 20. Rxd4 cxd4 21.
f6 Bxf6 22. Nxf6+ gxf6 23. Qxf6 Rg8 24. Qf7+ Kh8 25. Be5+ Rg7 26. Qxg7# 1-0

[Event "AUTO-OPEN-2613"]
[Site "http://www.queenalice.com/game.php?id=1030698"]
[Date "2012.2.17"]
[Round "1"]
[White "RobertD"]
[Black "worlddomination"]
[Result "0-1"]
[WhiteElo "1940"]
[BlackElo "1830"]

1. d4 Nf6 2. c4 g6 3. Nc3 Bg7 4. e3 O-O 5. Nf3 c5 6. dxc5 Na6 7. Bd3 Nxc5 8. Bc2
b6 9. h4 Bb7 10. Nd5 e6 11. Nxf6+ Qxf6 12. Rb1 d5 13. b4 Ne4 14. Bxe4 dxe4 15.
Bb2 Qe7 16. Bxg7 Kxg7 17. Nd4 e5 18. Nc2 Rfd8 19. Qe2 Rd3 20. Rd1 Rad8 21. O-O
Qd7 22. Rc1 Rd2 23. Qe1 Qd3 24. Na1 Rxa2 25. c5 bxc5 26. Rxc5 Ba6 27. Rc1 Qxf1+
28. Qxf1 Bxf1 29. Kxf1 Rdd2 30. Nb3 Rxf2+ 0-1

[Event "AUTO-OPEN-2613"]
[Site "http://www.queenalice.com/game.php?id=1030699"]
[Date "2012.2.17"]
[Round "1"]
[White "worlddomination"]
[Black "RobertD"]
[Result "1-0"]
[WhiteElo "1860"]
[BlackElo "1856"]

1. e4 c5 2. Nf3 Nc6 3. d4 cxd4 4. Nxd4 e6 5. Nc3 Bb4 6. Nxc6 bxc6 7. Qd4 c5 8.
Qxg7 Bxc3+ 9. Qxc3 Qf6 10. Qxf6 Nxf6 11. f3 Rb8 12. b3 Rg8 13. Bb2 Ke7 14. O-O-O
Bb7 15. Be5 Rbc8 16. Bd6+ Ke8 17. g4 Rc6 18. h4 Ba6 19. Bxa6 Rxa6 20. Kb2 Kd8
21. Bxc5 Kc7 22. e5 Nd5 23. c4 Nf4 24. Rd4 Ne2 25. Rd2 Nf4 26. Rhd1 Rd8 27. Be7
Re8 28. Rxd7+ Kc8 29. Rd8+ Rxd8 30. Rxd8+ Kc7 31. Rd2 Ng6 32. Bf6 Rc6 33. Rd4
Kc8 34. b4 Rc7 35. Kb3 Rd7 36. Rxd7 Kxd7 37. a4 Nf4 38. a5 a6 39. Kc3 h5 40.
gxh5 Nxh5 41. Bg5 Kc6 42. Kd4 Ng3 43. b5+ axb5 44. cxb5+ Kxb5 45. a6 Kxa6 46.
Kc5 Kb7 47. Kd6 1-0

[Event "AUTO-OPEN-2614"]
[Site "http://www.queenalice.com/game.php?id=1031062"]
[Date "2012.2.18"]
[Round "1"]
[White "worlddomination"]
[Black "Arwan"]
[Result "1-0"]
[WhiteElo "1850"]
[BlackElo "1645"]

1. e4 e5 2. Nf3 Nc6 3. Bb5 a6 4. Ba4 Nf6 5. O-O Be7 6. Re1 b5 7. Bb3 d6 8. c3
O-O 9. h3 Qd7 10. d4 exd4 11. cxd4 Bb7 12. Nbd2 Nb4 13. a3 Nd3 14. Re3 Nxc1 15.
Rxc1 c5 16. e5 dxe5 17. dxe5 Nd5 18. Bxd5 Bxd5 19. Ne4 Rac8 20. Nd6 Bxd6 21.
Qxd5 Rc6 22. exd6 Rxd6 23. Qxc5 Rd8 24. Qc7 Qf5 25. Qxd6 Ra8 26. Qxa6 g6 27.
Qxa8+ 1-0

[Event "AUTO-OPEN-2614"]
[Site "http://www.queenalice.com/game.php?id=1031063"]
[Date "2012.2.18"]
[Round "1"]
[White "Arwan"]
[Black "worlddomination"]
[Result "0-1"]
[WhiteElo "1731"]
[BlackElo "1852"]

1. e4 c5 2. Nf3 d6 3. d4 cxd4 4. Nxd4 Nf6 5. Nc3 a6 6. Be3 e5 7. Nf3 Be7 8. Be2
O-O 9. O-O Be6 10. a4 Nc6 11. Nd5 Nxe4 12. Bb6 Qd7 13. Nxe7+ Qxe7 14. a5 Nc5 15.
Bxc5 dxc5 16. Re1 Rfd8 17. Qc1 f6 18. c3 Qf7 19. c4 Nd4 20. Nxd4 Rxd4 21. b3
Rad8 22. Rd1 Rxd1+ 23. Bxd1 Rd4 24. Bf3 e4 25. Be2 Qd7 26. Qe3 Bf5 27. Rc1 g5
28. Rb1 Bg6 29. g3 Bf5 30. b4 cxb4 31. Qb3 Bh3 32. c5+ Kg7 33. Rd1 Rxd1+ 34.
Bxd1 Qd2 0-1

[Event "AUTO-OPEN-2614"]
[Site "http://www.queenalice.com/game.php?id=1031064"]
[Date "2012.2.18"]
[Round "1"]
[White "worlddomination"]
[Black "juim"]
[Result "1-0"]
[WhiteElo "1889"]
[BlackElo "1603"]

1. e4 d5 2. exd5 Qxd5 3. Nc3 Qd8 4. d4 Bf5 5. Qf3 e6 6. Qxb7 Nd7 7. Nf3 Bxc2 8.
Bb5 Rb8 9. Bxd7+ Ke7 10. Qxa7 Kxd7 11. O-O Ra8 12. Qb7 Bd3 13. Ne5+ Kd6 14. Nxd3
Rb8 15. Bf4+ Ke7 16. Qe4 f5 17. Qe3 Nf6 18. Rfe1 Qd7 19. Bxc7 Ng4 20. Qg5+ Nf6
21. Bxb8 h6 22. Qg6 Qb7 23. d5 Kd7 24. dxe6+ Kc6 25. Rac1 Qxb8 26. Qxf5 Kd6 27.
Qc5# 1-0

[Event "AUTO-OPEN-2614"]
[Site "http://www.queenalice.com/game.php?id=1031065"]
[Date "2012.2.18"]
[Round "1"]
[White "juim"]
[Black "worlddomination"]
[Result "0-1"]
[WhiteElo "1616"]
[BlackElo "1876"]

1. e4 c5 2. Nf3 d6 3. e5 dxe5 4. Nxe5 Nf6 5. Bc4 e6 6. Qe2 Be7 7. d3 O-O 8. Bg5
Nbd7 9. O-O Qc7 10. Nxd7 Bxd7 11. Nc3 a6 12. Ne4 Kh8 13. Nxf6 gxf6 14. Bh6 Rg8
15. d4 Bc6 16. Rad1 Rxg2+ 17. Kh1 Qxh2# 0-1

[Event "AUTO-OPEN-2614"]
[Site "http://www.queenalice.com/game.php?id=1031066"]
[Date "2012.2.18"]
[Round "1"]
[White "worlddomination"]
[Black "Plotnnikov"]
[Result "0-1"]
[WhiteElo "1906"]
[BlackElo "2446"]

1. e4 e5 2. Nf3 Nc6 3. Bb5 a6 4. Ba4 Nf6 5. O-O b5 6. Bb3 Bc5 7. a4 Bb7 8. c3 d6
9. d4 Bb6 10. Bg5 h6 11. Bxf6 Qxf6 12. Bd5 O-O 13. Na3 Rfb8 14. Nc2 exd4 15.
cxd4 bxa4 16. Rxa4 Ne7 17. Bxb7 Rxb7 18. Qa1 a5 19. b4 Rba7 20. b5 Ng6 21. e5
Qe6 22. Re1 Qd7 23. Qb1 Re8 24. Na3 Nf4 25. h3 dxe5 26. dxe5 Nxh3+ 27. gxh3 Qxh3
0-1

[Event "AUTO-OPEN-2614"]
[Site "http://www.queenalice.com/game.php?id=1031067"]
[Date "2012.2.18"]
[Round "1"]
[White "Plotnnikov"]
[Black "worlddomination"]
[Result "1-0"]
[WhiteElo "2457"]
[BlackElo "1862"]

1. Nf3 Nf6 2. d4 g6 3. g3 Bg7 4. Bg2 O-O 5. O-O d6 6. a4 Nbd7 7. Nc3 c5 8. e3
Rb8 9. Qe2 a6 10. a5 b5 11. axb6 Qxb6 12. Rd1 Bb7 13. d5 e5 14. Nd2 Ne8 15. Nc4
Qc7 16. Na5 Ba8 17. Nc6 1-0